00435pab a2200145 454500008004000000100002200040245008000062260000900142300001300151362001000164650002500174650003900199650003100238773002000269180718b2013 xxu||||| |||| 00| 0 eng d aQuraishi, S Iqbal aWho deserves to be the chief executive officer of the universities in India c2013 ap.14-15. a8 Jul aUniversities - India aEducational administrators - India aEducational administrators aUniversity News